[Event "AI Cup Play In"]
[Site "Chess.com INT"]
[Date "2023.09.18"]
[Round "1"]
[White "Sztokbant, Bernardo Vainzoff"]
[Black "Bachmann, Axel"]
[Result "0-1"]
[WhiteElo "2213"]
[BlackElo "2604"]
[PlyCount "64"]
[EventDate "2023.09.18"]
[EventType "swiss (rapid)"]
[EventRounds "9"]
[EventCountry "USA"]
[SourceTitle "EXT 2024"]
[Source "ChessBase"]
[SourceDate "2023.10.10"]
[SourceVersion "1"]
[SourceVersionDate "2023.10.10"]
[SourceQuality "1"]

1. e4 e5 2. Nf3 Nc6 3. Bb5 a6 4. Ba4 Nf6 5. d3 b5 6. Bb3 Be7 7. 0-0 Bb7 8. c3 0-0 9. Re1 d6 10. Nbd2 Na5 11. Bc2 c5 12. Nf1 Re8 13. Ng3 Bf8 14. a4 b4 15. cxb4 cxb4 16. d4 Rc8 17. Bg5 h6 18. Bd2 Qb6 19. Be3 Nc4 20. Bc1 exd4 21. Nxd4 d5 22. b3 Bc5 23. Ngf5 Nd6 24. Nxd6 Qxd6 25. Bb2 dxe4 26. Nf5 Bxf2+ 27. Kxf2 Qf4+ 28. Kg1 Qxf5 29. Rf1 Qc5+ 30. Kh1 Qxc2 31. Rxf6 Qxd1+ 32. Rxd1 gxf6 0-1

[Event "Titled Tuesday intern op 05th Sep Early"]
[Site "Chess.com INT"]
[Date "2023.09.05"]
[Round "5"]
[White "Bachmann, Axel"]
[Black "Hnydiuk, Aleksander"]
[Result "1-0"]
[WhiteElo "2604"]
[BlackElo "2350"]
[PlyCount "35"]
[EventDate "2023.09.05"]
[EventType "swiss (blitz)"]
[EventRounds "11"]
[EventCountry "USA"]
[SourceTitle "EXT 2024"]
[Source "ChessBase"]
[SourceDate "2023.10.10"]
[SourceVersion "1"]
[SourceVersionDate "2023.10.10"]
[SourceQuality "1"]

1. d4 Nf6 2. c4 e6 3. Nf3 d5 4. g3 Bd6 5. Nbd2 0-0 6. Bg2 b6 7. cxd5 exd5 8. 0-0 Bb7 9. b3 Nbd7 10. Bb2 Re8 11. Rc1 c5 12. e3 a5 13. Re1 a4 14. dxc5 bxc5 15. Nh4 axb3 16. axb3 Ra2 17. Rc2 Bf8 18. Bxf6 1-0

[Event "Titled Tuesday intern op 05th Sep Early"]
[Site "Chess.com INT"]
[Date "2023.09.05"]
[Round "6"]
[White "Paravyan, David"]
[Black "Bachmann, Axel"]
[Result "1/2-1/2"]
[WhiteElo "2599"]
[BlackElo "2604"]
[PlyCount "113"]
[EventDate "2023.09.05"]
[EventType "swiss (blitz)"]
[EventRounds "11"]
[EventCountry "USA"]
[SourceTitle "EXT 2024"]
[Source "ChessBase"]
[SourceDate "2023.10.10"]
[SourceVersion "1"]
[SourceVersionDate "2023.10.10"]
[SourceQuality "1"]

1. e4 e5 2. Nf3 Nc6 3. Nc3 Nf6 4. d4 exd4 5. Nxd4 Bb4 6. Nxc6 bxc6 7. Bd3 0-0 8. 0-0 Re8 9. Re1 Rb8 10. h3 a5 11. e5 Nd5 12. Nxd5 cxd5 13. c3 Bc5 14. Qh5 g6 15. Qh6 Bf8 16. Qd2 d6 17. exd6 Bxd6 18. b3 Bd7 19. Bb2 Qh4 20. Bf1 Bc5 21. Rxe8+ Rxe8 22. Re1 Re6 23. Rxe6 Bxe6 24. c4 dxc4 25. Bxc4 Bxc4 26. bxc4 Kf8 27. a4 Ke8 28. Qe2+ Kd7 29. Kf1 Qf4 30. Qg4+ Qxg4 31. hxg4 Kc6 32. Ke2 Bb6 33. Bc3 Kd6 34. f3 Ke6 35. Kd3 f5 36. gxf5+ Kxf5 37. c5 Bxc5 38. Bxa5 c6 39. Kc4 Ba7 40. Bb4 Kf4 41. Bc5 Bb8 42. Bf2 g5 43. a5 h5 44. a6 h4 45. Bb6 Kg3 46. Bc7+ Bxc7 47. a7 Kxg2 48. a8Q h3 49. Qxc6 Bf4 50. Kd3 h2 51. Qc2+ Kg1 52. Qd1+ Kg2 53. Qe2+ Kg1 54. Qe1+ Kg2 55. Qe2+ Kg1 56. Qe1+ Kg2 57. Qe2+ 1/2-1/2